| 000 | 00836 a2200217 4500 | ||
|---|---|---|---|
| 010 | _aENG-89702 | ||
| 020 |
_a8125032290 _c345.00 |
||
| 035 | _aEN-73235 | ||
| 037 | _bDBAD / PUB | ||
| 082 | 1 | 4 | _a610 |
| 090 |
_c11994 _d11994 |
||
| 100 | 1 | _aCohen, Michael H. | |
| 245 | 1 |
_aHealing at the borderland of medicine and religion/ _cby Michael M. Cohen |
|
| 260 |
_aNew Delhi _bOrient Longman, _c2007 |
||
| 270 |
_a1/24, Asaf Ali Road, _bNew Delhi _cDelhi _e110002 _mdelgeneal@orientlongman.com |
||
| 300 |
_axiii, 229p. _c23 cm. (Pbk) |
||
| 490 | _a(New perspectives in South Asian history/ edited by Sanjoy Bhattacharya..[et.al]; 19) | ||
| 500 | _aIncludes bibliographical references & index. | ||
| 942 |
_adpl _cEN _k610 / COH |
||
| 999 |
_c11640 _d11640 |
||